| 000 | 01400nam2a22002531 4500 | ||
|---|---|---|---|
| 001 | RU\NLR\INFOCOMM18\1000237522 | ||
| 005 | 20250617035415.0 | ||
| 035 | _a(NLR Aleph) 002428087 | ||
| 090 |
_a1967749 _c1967749 |
||
| 100 | _a20050126d1990 |||y0rusy50 ca | ||
| 101 | 0 | _arus | |
| 102 | _aRU | ||
| 105 | _ay ||||||||| | ||
| 200 | 1 |
_aЭкономические и технические аспекты модернизации черной металлургии _fВ.А. Штанский и др. |
|
| 210 |
_d1990 _aБ. м. |
||
| 461 | 0 |
_1001RU\NLR\INFOCOMM18\1000237477 _12001#$aЧерная металлургия$eОбзор. информ.$hСерия 22$iЭкономика и организация труда в черной металлургии$fЦНИИ информации и техн.-экон. исслед. черной металлургии$v1990, Вып.3 _91967359 _cМ. _d1979- _fЦНИИ информации и техн.-экон. исслед. черной металлургии _hСерия 22 _iЭкономика и организация труда в черной металлургии _oОбзор. информ. _tЧерная металлургия _v1990, Вып.3 |
|
| 700 | 1 |
_aШтанский _bВ.А. _4070 |
|
| 801 | 1 |
_aRU _bInfoComm _c20050126 |
|
| 801 | 0 |
_aRU _bNLR _gPSBO |
|
| 852 |
_aNLR _jП22/4838 |
||
| 942 | _cISSUE | ||
| 980 | _aNB | ||
| 980 | _aRUSPER | ||